00306nam a2200133Ia 4500003000400000005001700004008004100021020001900062040002000081100001600101245002200117260002500139300000800164OSt20240229124424.0170524s9999 xx 000 0 und d a978-9332587694 cIIMT UNIVERSITY aBeman Barry 0aRETAIL MANAGEMENT aNew DelhibPHIc2007 a682